Na čo je dobrý investičný dotazník

Finančné rozhodovanie a využívanie služieb finančných sprostredkovateľov. Investičný dotazník ako nástroj na zistenie preferencií klienta a jeho rizikovej tolerancie. Tolerancia k riziku dôležitá pre investora ako aj pre poradcu a samotnú finančnú inštitúciu. Výsledok vyhodnotenia dotazníka - zarade...

Descrizione completa

Salvato in:
Dettagli Bibliografici
Autore principale: Poklemba, Pavol
Altri autori: Baláž, Vladimír
Natura: Capitolo di libro
Lingua:slovacco
Soggetti:
Tags: Aggiungi Tag
Nessun Tag, puoi essere il primo ad aggiungerne!!

MARC

LEADER 00000naa a2200000 4500
001 0172003
005 20231018110900.0
041 0 |a slo 
044 |a SK 
245 1 0 |a Na čo je dobrý investičný dotazník  |c Pavol Poklemba, Vladimír Baláž 
520 |a Finančné rozhodovanie a využívanie služieb finančných sprostredkovateľov. Investičný dotazník ako nástroj na zistenie preferencií klienta a jeho rizikovej tolerancie. Tolerancia k riziku dôležitá pre investora ako aj pre poradcu a samotnú finančnú inštitúciu. Výsledok vyhodnotenia dotazníka - zaradenie investora do niektorej zo zvolených skupín. 
610 2 0 |a investície 
610 2 0 |a rozhodovanie finančné 
610 2 0 |a financie 
610 2 0 |a dotazníky 
610 2 0 |a sprostredkovatelia 
610 2 0 |a inštitúcie finančné 
100 1 |a Poklemba, Pavol 
700 1 |a Baláž, Vladimír